000 00542nam a2200217 454500
001 062824
003 BD-ChCU
008 Eng
020 _ax
040 _aDLC
_cDLC
_dBD-ChCU
082 0 0 _a200/L638r
100 1 _aLessa, Willam A
_bVogt, Evon Z
245 1 0 _aReader in comparative religion
_ban anthropological approach
250 _a2nd ed.
260 _aNew York
_bHarper and raw, pub.
_c1965
300 _axii,655
504 _aIncludes
650 0 _aComparative religion
_bAnthropology
700 1 _ax
942 _2ddc
_cBK
999 _c62824
_d62824